Ritual murder /

Bibliographic Details
Main Author: Haymon, S. T.
Format: Book
Language:English
Published: New York, N.Y. : St. Martin's Press, [1982]
Edition:[Book club ed.].

MARC

Tag First Indicator Second Indicator Subfields
LEADER 00000cam a2200000 a 4500
001 in00000009088
005 20151007051455.0
008 840110s1982 nyu 00011 eng d
035 |a (OCoLC)10284461 
035 |9 AAA3163AM 
040 |a MUM  |c MUM  |d m/c  |d TXA  |d UtOrBLW 
049 |a TXAM  |c [A12604192] 
050 4 |a PR6058.A9855  |b R5 1982b 
100 1 |a Haymon, S. T. 
245 1 0 |a Ritual murder /  |c S.T. Haymon. 
250 |a [Book club ed.]. 
264 1 |a New York, N.Y. :  |b St. Martin's Press,  |c [1982] 
264 4 |c ©1982 
300 |a 190 pages ;  |c 22 cm. 
336 |a text  |b txt  |2 rdacontent 
337 |a unmediated  |b n  |2 rdamedia 
338 |a volume  |b nc  |2 rdacarrier 
999 |a MARS 
999 f f |s 6c5de7f7-1ee2-3ca3-a27f-0b55e02db4ea  |i 43241773-6ef8-3eee-a71f-1391452084eb  |t 0 
952 f f |p ric  |a Texas A&M University  |b Rellis Campus  |c Joint Library Facility  |d Remote Storage  |t 0  |e PR6058.A9855 R5 1982b  |h Library of Congress classification  |i unmediated -- volume  |m A14812604192 
998 f f |a PR6058.A9855 R5 1982b  |t 0  |l Remote Storage